Statistics for Current US Currency

Click here to take the quiz!

General Stats

  • This quiz has been taken 481 times
  • The average score is 11 of 13

Answer Stats

HintAnswer% Correct
CoinDime
91%
CoinPenny
91%
CoinDollar Coin
90%
CoinQuarter
90%
BillFive Dollar Bill
89%
BillFifty Dollar Bill
88%
BillOne Dollar Bill
88%
BillTen Dollar Bill
88%
BillTwenty Dollar Bill
88%
BillTwo Dollar Bill
88%
CoinNickel
86%
BillOne-Hundred Dollar Bill
84%
CoinHalf Dollar
74%

Score Distribution

Percentile by Number Answered

Percent of People with Each Score

Your Score History

You have not taken this quiz